| 000 | 00422nam a2200169Ia 4500 | ||
|---|---|---|---|
| 001 | 7667 | ||
| 003 | IN-NITTTR | ||
| 005 | 20251114233030.0 | ||
| 008 | 251113s9999||||xx |||||||||||||| ||eng|| | ||
| 040 | _beng | ||
| 040 | _cIN-NITTTR | ||
| 041 | _aeng | ||
| 082 | _a624.1042 K824T | ||
| 100 | _aKohli, D. D. | ||
| 245 | 2 |
_aA textbook on estimating, costing and civil, drawings in M.K.S / _cKohli, D. D. |
|
| 942 |
_2ddc _cBK |
||
| 999 |
_c10305 _d10305 |
||